000 00342 a2200157 4500
001 150548
040 _cEscola São Tomás de Aquino
100 _aHARLOW, Rosie
240 1 0 _aÁrvores e folhas
_lpor
245 1 0 _aÁrvores e folhas
300 _a40
362 0 _a1998
440 1 _aMelhoramentos
697 _aCIÊNCIAS
942 _cBK
999 _c150548
_d150548